000 00602nam a2200193 i 4500
001 71870
003 ES-MaACL
005 20240501063036.0
007 t|
008 040819s1972 fr ||||1| fre d
100 1 _aGide, André,
_d1869-1951
_956674
245 1 0 _aLe caves du Vatican /
_cAndré Gide ; illustrations originales de Jacques Thevenet.
260 _a[París :
_bRombaldi,
_c1972]
300 _a264 p., 8 lám. ;
_c24 cm.
500 _aPremio Nobel de Literatura.
700 1 _aThevenet, Jacques.
_9109912
852 _aES-MaACL
_jC-56267
_bR.88880
999 _c71870
_d71870